[Event "Eger Agria op"]
[Site "Eger"]
[Date "1986.??.??"]
[Round "?"]
[White "Peric, A."]
[Black "Boensch, Uwe"]
[Result "0-1"]
[WhiteElo "2265"]
[BlackElo "2535"]
[PlyCount "72"]
[EventDate "1986.??.??"]
[EventType "swiss"]
[EventRounds "9"]
[EventCountry "HUN"]
[SourceTitle "EXT 1997"]
[Source "ChessBase"]
[SourceDate "1996.11.15"]
[SourceVersion "1"]
[SourceVersionDate "1996.11.15"]
[SourceQuality "1"]

1. d4 Nf6 2. Nf3 d5 3. c4 e6 4. g3 Be7 5. Bg2 0-0 6. 0-0 dxc4 7. Qc2 a6 8. a4 Bd7 9. Ne5 Bc6 10. Nxc6 Nxc6 11. e3 Na5 12. Nd2 c5 13. dxc5 Rc8 14. b4 cxb3 15. Nxb3 Nd5 16. Ba3 Qc7 17. Rab1 Nc6 18. Rfd1 Rfd8 19. e4 Nf6 20. Rxd8+ Rxd8 21. Rd1 e5 22. Rxd8+ Nxd8 23. Qc4 h5 24. Bh3 g6 25. f3 Nc6 26. Bb4 Nxb4 27. Qxb4 Nd7 28. Bxd7 Qxd7 29. Kf2 h4 30. Ke2 Kg7 31. g4 h3 32. Na5 b6 33. Qxb6 Qxa4 34. Nb7 Qc4+ 35. Kd1 Bg5 36. c6 Qd3+ 0-1

[Event "Eger Agria op"]
[Site "Eger"]
[Date "1986.??.??"]
[Round "?"]
[White "Peric, A."]
[Black "Pesztericz, Laszlo"]
[Result "1/2-1/2"]
[WhiteElo "2265"]
[BlackElo "2210"]
[PlyCount "77"]
[EventDate "1986.??.??"]
[EventType "swiss"]
[EventRounds "9"]
[EventCountry "HUN"]
[SourceTitle "EXT 1997"]
[Source "ChessBase"]
[SourceDate "1996.11.15"]
[SourceVersion "1"]
[SourceVersionDate "1996.11.15"]
[SourceQuality "1"]

1. d4 Nf6 2. Nf3 g6 3. c4 Bg7 4. Nc3 d6 5. e4 0-0 6. Be2 e5 7. dxe5 dxe5 8. Qxd8 Rxd8 9. Bg5 Re8 10. Nd5 Nxd5 11. cxd5 c6 12. Bc4 cxd5 13. Bxd5 Nd7 14. Nd2 Nb6 15. Bb3 Be6 16. Ke2 Rac8 17. Rhc1 Bxb3 18. axb3 Rxc1 19. Rxc1 Rc8 20. Rc3 Rxc3 21. bxc3 Nd7 22. Be3 a6 23. Kd3 b5 24. c4 Bf8 25. cxb5 axb5 26. f3 f5 27. Nb1 Bc5 28. exf5 gxf5 29. Nc3 Bxe3 30. Kxe3 Nc5 31. b4 Na6 32. Nxb5 Nxb4 33. Nd6 Nd5+ 34. Kf2 Ne7 35. g4 Kg7 36. gxf5 Kf6 37. Ke2 Nxf5 38. Nxf5 Kxf5 39. Ke3 1/2-1/2